| 000 | 00868nam a2200265Ia 4500 | ||
|---|---|---|---|
| 001 | 22016 | ||
| 005 | 20260320113334.0 | ||
| 008 | 260320s9999||||xx |||||||||||||| ||und|| | ||
| 020 | _a9789878882987 | ||
| 041 | _aESP | ||
| 082 |
_a306.6098 _bV72 |
||
| 100 |
_aViñuales, Graciela María, _eEDT |
||
| 245 | 0 |
_aGestión del patrimonio religioso en Sudamérica _b |
|
| 246 |
_a _5 _b |
||
| 250 | _aPrimera edición | ||
| 260 |
_aBuenos Aires : _bCEDODAL, _c2023 |
||
| 300 |
_a163 páginas : _bfotografías, ilustraciones, planos ; _c30 cm. _e |
||
| 440 |
_a _n _v |
||
| 650 | _aCIS | ||
| 653 | _aPatrimonio cultural; Patrimonio religioso - América del Sur | ||
| 654 | _aCHU | ||
| 700 |
_a _c |
||
| 856 |
_uhttps://0u20fnl1e-y-https-research-ebsco-com.itmsp.museknowledge.com/c/qxo6us/search _zVéase además: Base de datos EBSCOhost |
||
| 942 |
_cLIB _dJUS _fMAT _2ddc _n |
||
| 999 |
_c22016 _d22016 |
||